000 00411nam a22001337a 4500
003 SGT
020 _a9788192256078
082 _a891.4309
_bS17M
100 _aमिश्र, कृष्ण बिहारी
245 _aसाँझ की जम्हाई और सृजनशील उजास
260 _b शैली पब्लिकेशंस
_c2017
300 _a227
942 _2ddc
_cBK
999 _c31374
_d31374